000 00837nam a2200241 a 4500
001 19130
003 CO-ViMGA
008 141112s2004 ck r 000 u spa d
020 _a9586824292
040 _aCO-ViMGA
_bspa
_cCO-ViMGA
082 0 4 _a306.9 J171
100 1 _aJaramillo Uribe, Jaime
245 1 0 _aHistoria, sociedad y cultura; ensayos y conferencias
260 _aBogotá :
_bAlfaomega Colombiana; 2002
300 _a348 p
500 _aObras completas de Jaime Jaramillo Uribe.
590 _aForma de adquisición : Premio Mincultura
650 1 4 _aCULTURA - HISTORIA - ENSAYOS, CONFERENCIAS, ETC.
_927432
650 1 4 _aFILOSOFIA DE LA HISTORIA - ENSAYOS, CONFERENCIAS
_927433
650 1 4 _aHISTORIA SOCIAL - ENSAYOS, CONFERENCIAS
_927434
650 1 4 _aHISTORIOGRAFIA - ENSAYOS, CONFERENCIAS
_914159
942 _2ddc
_cBK
999 _c28301
_d28301